000 00678nam a2200301Ia 4500
005 20260401122123.0
008 008 250103s9999 xx 000 0 eng d
020 _a195658442
037 _aTB
040 _aEDL
040 _beng
040 _cEDL
041 _2eng
041 _aeng
084 _a305.489654 SOG
084 _qEDL
100 _aSogani, Rajul
_91232651
245 0 _aHindu Widow in Indian Literature
245 0 _cSogani, Rajul
260 _aNew Delhi
260 _bOxford University Press
260 _c2002
300 _a265p
942 _cTB
942 _h305.489654 SOG
999 _c1845051
_d1845051